000 00953nam a2200277 a 4500
001 000009517
005 20260312134858.0
008 090930s1991 dr ac 001 0 spa d
040 _aDO-SdBNP
082 _a171
_bM433c
100 1 _aMarizán, Jaime Antonio
_924298
245 1 0 _aConciencia social /
_cJaime Antonio Marizán ; prólogo Efrain Villega Quintero.
260 _aSanto Domingo :
_bJoel,
_c1991.
300 _a171 p. :
_bil. ;
_c22 cm .
500 _aIncluye datos biográficos del autor en la solapa
504 _aIncluye bibliografía (p. 172. )
590 _aLa biblioteca posee 3 ejemplares autografiados por el autor
650 0 _aÉtica social
_91353
650 0 _aProblemas sociales
_99290
650 0 _aSociología
_91061
650 0 _aEducación cívica
_91206
650 0 _aRelaciones humanas
_9606
650 0 _aAutorrealización (Psicología)
_9211
700 1 _aVillega Quintero, Efrain
_epról.
_924338
049 _aBNPD
999 _c9277
_d9277